00411nam a2200157Ia 4500008004100000020001800041041000800059082001700067100001500084245004300099250001300142260001600155300000800171365001600179700005800195230714s9999 xx 000 0 und d a9790000000000 aeng a620.106bELG aElger D.F. aEngineering Fluid Mechanics SI Version a10th ed. c2017bWiley a673 cRs.b799.00 aElger D.F.; Williams B.C.; Crowe C.T. & Roberson J.A.